000 01305cam a22003617a 4500
003 CHAP
005 20220329141030.0
008 971013s1996 r 00010 d
010 _a61561
011 _a62533
035 _a66707
040 _cCHAP
090 _aTesis
100 0 0 _aOrtega Garrido, Ma. Teresa.
_983799
245 0 _aSituación y estrategias de dos microempresas de lácteos en Juárez Coronado y San Sebastian Tepalcatepec, Puebla
260 _aChapingo, Méx. :
_bEl autor,
_c1996
300 _a84 h.
_b: ilus. ; anexos
502 _aTesis (Ing. Agroindustrial) -- UACH. Departamento de Ingeniería Agroindustrial
590 _aALEPH
_b10
_c20130110
_lUCH01
_h1343
590 _aBATCH-UPD
_b10
_c20130110
_lUCH01
_h0219
590 _aBATCH-UPD
_b10
_c20130110
_lUCH01
_h1717
590 _aBATCH-UPD
_b10
_c20130409
_lUCH01
_h2239
590 _aBATCH-UPD
_b10
_c20130410
_lUCH01
_h1102
590 _aBATCH-UPD
_b10
_c20130914
_lUCH01
_h1635
590 _aCONVERSION
_b10
_c20130109
_lUCH01
_h1333
650 1 4 _aIndustria lechera
_xPuebla.
_957854
650 1 4 _aProductos lácteos.
_992124
700 0 _aSánchez Ramírez, Julio.
_9107782
901 _aBK
942 _cFOLL
949 _bBC
_cTES
_d-151931
_eTS1
_h30580
_i66707
_si
949 _bBC
_cTES
_d33724000625026
_eTS2
_fc.2
_h30581
_i66707
_si
999 _c61561
_d61561